| 000 | 01302cam a22003137a 4500 | ||
|---|---|---|---|
| 001 | 14421832 | ||
| 003 | NUST | ||
| 005 | 20221216095836.0 | ||
| 008 | 060621s2005 enka b 001 0 eng d | ||
| 010 | _a 2006296399 | ||
| 015 |
_aGBA579434 _2bnb |
||
| 016 | 7 |
_a013296559 _2Uk |
|
| 020 | _a0470017694 (hbk.) | ||
| 024 | 3 | _a9780470017692 (hbk.) | |
| 035 | _a(OCoLC)ocm61702378 | ||
| 040 |
_aUKM _cUKM _dBWKUK _dVP@ _dDLC |
||
| 042 | _alccopycat | ||
| 082 | 0 | 4 | _a621.3822,RAN |
| 100 | 1 |
_aRangarao, Kaluri. _9105035 |
|
| 245 | 1 | 0 |
_aDigital signal processing : _ba practitioner's approach / _cKaluri Venkata Rangarao, Ranjan Mallik. |
| 260 |
_aChichester, England ; _aHoboken, NJ : _bJohn Wiley, _cc2005. |
||
| 300 |
_axvi, 191 p. : _bill. ; _c24 cm. |
||
| 505 | _aProcessing of Signals (Page-1), Revisiting Basics (Page-21), Digital Filters (Page-45), Fourier Transform and Signal Spectrum (Page-79), Realization of Digital Filters (Page-101), Case Studies (Page-121). | ||
| 650 | 0 |
_aSignal processing _xDigital techniques. _955548 |
|
| 700 | 1 |
_aMallik, Ranjan K. _9105036 |
|
| 856 | 4 | 2 |
_3Publisher description _uhttp://www.loc.gov/catdir/enhancements/fy0653/2006296399-d.html |
| 856 | 4 | 1 |
_3Table of contents only _uhttp://www.loc.gov/catdir/enhancements/fy0653/2006296399-t.html |
| 942 |
_2ddc _cBK |
||
| 999 |
_c592705 _d592705 |
||